00761cam a2200229 a 450000100100000000500170001000800410002702000140006804000250008208200200010710000390012724500500016625000120021626000330022830000210026149000260028265000260030865000290033483000320036395201190039599900170051400003831020240306164224.0000313s2003 sp 000 1 spa  z84663016X aDO-SdBNPbspacBNPHU aPe863.44bV297c1 aVargas Llosa, Mario,d1936-91256713aLa ciudad y los perros /cMario Vargas Llosa. a9a. ed. aMadrid :bSantillana,c2003. a554 p. ;c22 cm.1 aPunto de lecturav3/3 4aNovela peruana912569 4aLiteratura peruana93140 0aPunto de letrasv3/3915029 0010507-18MOaPDbPDcOId2013-04-08iLF1l0oPe863.44 V297cp38310-10r2020-06-25w2020-06-25y1ZNo se presta c37800d37800